The industrial wastewater systems handbook / (Record no. 332158)
[ view plain ]
| 000 -LEADER | |
|---|---|
| fixed length control field | 01207cam a2200289 a 4500 |
| 001 - CONTROL NUMBER | |
| control field | 2598131 |
| 003 - CONTROL NUMBER IDENTIFIER | |
| control field | NUST |
| 005 - DATE AND TIME OF LATEST TRANSACTION | |
| control field | 20171115155526.0 |
| 008 - FIXED-LENGTH DATA ELEMENTS--GENERAL INFORMATION | |
| fixed length control field | 970530s1998 flua bf 001 0 eng |
| 010 ## - LIBRARY OF CONGRESS CONTROL NUMBER | |
| LC control number | 97024311 |
| 020 ## - INTERNATIONAL STANDARD BOOK NUMBER | |
| International Standard Book Number | 1566702097 (acidfree paper) |
| 040 ## - CATALOGING SOURCE | |
| Original cataloging agency | DLC |
| Transcribing agency | DLC |
| Modifying agency | DLC |
| 050 00 - LIBRARY OF CONGRESS CALL NUMBER | |
| Classification number | TD897.5 |
| Item number | .S74 1998 |
| 082 00 - DEWEY DECIMAL CLASSIFICATION NUMBER | |
| Classification number | 628.43 STE |
| Edition number | 21 |
| 100 1# - MAIN ENTRY--PERSONAL NAME | |
| Personal name | Stephenson, Ralph L., |
| Dates associated with a name | 1939- |
| 9 (RLIN) | 6411 |
| 245 14 - TITLE STATEMENT | |
| Title | The industrial wastewater systems handbook / |
| Statement of responsibility, etc. | Ralph L. Stephenson, James W. Blackburn, Jr. |
| 260 ## - PUBLICATION, DISTRIBUTION, ETC. | |
| Place of publication, distribution, etc. | Boca Raton, FL : |
| Name of publisher, distributor, etc. | CRC Press, |
| Date of publication, distribution, etc. | c1998. |
| 300 ## - PHYSICAL DESCRIPTION | |
| Extent | P-25, 495 p. : |
| Other physical details | ill. ; |
| Dimensions | 26 cm. |
| 500 ## - GENERAL NOTE | |
| General note | H.B |
| 504 ## - BIBLIOGRAPHY, ETC. NOTE | |
| Bibliography, etc. note | Includes bibliographical references and index. |
| 650 #0 - SUBJECT ADDED ENTRY--TOPICAL TERM | |
| Topical term or geographic name entry element | Factory and trade waste |
| General subdivision | Handbooks, manuals, etc. |
| 9 (RLIN) | 6412 |
| 700 1# - ADDED ENTRY--PERSONAL NAME | |
| Personal name | Blackburn, James W., |
| Dates associated with a name | 1950- |
| 9 (RLIN) | 6413 |
| 856 42 - ELECTRONIC LOCATION AND ACCESS | |
| Materials specified | Publisher description |
| Uniform Resource Identifier | <a href="http://www.loc.gov/catdir/enhancements/fy0729/97024311-d.html">http://www.loc.gov/catdir/enhancements/fy0729/97024311-d.html</a> |
| 906 ## - LOCAL DATA ELEMENT F, LDF (RLIN) | |
| a | 7 |
| b | cbc |
| c | orignew |
| d | 1 |
| e | ocip |
| f | 19 |
| g | y-gencatlg |
| 942 ## - ADDED ENTRY ELEMENTS (KOHA) | |
| Source of classification or shelving scheme | |
| Koha item type | Book |
| Call number prefix | IESE |
| Withdrawn status | Lost status | Source of classification or shelving scheme | Damaged status | Not for loan | Collection code | Permanent Location | Current Location | Shelving location | Date acquired | Total Checkouts | Full call number | Barcode | Date last seen | Price effective from | Koha item type |
|---|---|---|---|---|---|---|---|---|---|---|---|---|---|---|---|
| Institute of Environmental Science and Engineering (IESE) | Institute of Environmental Science and Engineering (IESE) | General Stacks | 11/15/2017 | 628.43 STE | IESE-931 | 11/15/2017 | 11/15/2017 | Book |
